Doors to the Sacred: A Historical Introduction to Sacraments in the Catholic Church. By Joseph Martos. Garden City, NY: Doubleday, 1981. xiii + 531 pages. 7.95 (paper).

Saved in:  
Bibliographic Details
Main Author: Martin, William J. (Author)
Format: Electronic Review
Language:English
Check availability: HBZ Gateway
Interlibrary Loan:Interlibrary Loan for the Fachinformationsdienste (Specialized Information Services in Germany)
Published: 1983
In: Horizons
Year: 1983, Volume: 10, Issue: 1, Pages: 170-171
Further subjects:B Book review
Online Access: Volltext (lizenzpflichtig)
Volltext (lizenzpflichtig)

MARC

LEADER 00000naa a22000002c 4500
001 1950974723
003 DE-627
005 20260203105711.0
007 cr uuu---uuuuu
008 260203s1983 xx |||||oo 00| ||eng c
024 7 |a 10.1017/S0360966900023690  |2 doi 
035 |a (DE-627)1950974723 
035 |a (DE-599)KXP1950974723 
040 |a DE-627  |b ger  |c DE-627  |e rda 
041 |a eng 
084 |a 1  |2 ssgn 
100 1 |a Martin, William J.  |e VerfasserIn  |4 aut 
245 1 0 |a Doors to the Sacred: A Historical Introduction to Sacraments in the Catholic Church. By Joseph Martos. Garden City, NY: Doubleday, 1981. xiii + 531 pages. 7.95 (paper). 
264 1 |c 1983 
336 |a Text  |b txt  |2 rdacontent 
337 |a Computermedien  |b c  |2 rdamedia 
338 |a Online-Ressource  |b cr  |2 rdacarrier 
655 7 |a Rezension  |0 (DE-588)4049712-4  |0 (DE-627)106186019  |0 (DE-576)209083166  |2 gnd-content 
773 0 8 |i Enthalten in  |t Horizons  |d Cambridge : Cambridge Univ. Press, 1974  |g 10(1983), 1, Seite 170-171  |h Online-Ressource  |w (DE-627)618791159  |w (DE-600)2538094-1  |w (DE-576)31881420X  |x 2050-8557  |7 nnas 
773 1 8 |g volume:10  |g year:1983  |g number:1  |g pages:170-171 
856 4 0 |u https://doi.org/10.1017/S0360966900023690  |x Resolving-System  |z lizenzpflichtig  |3 Volltext  |7 1 
856 4 0 |u https://www.cambridge.org/core/journals/horizons/article/doors-to-the-sacred-a-historical-introduction-to-sacraments-in-the-catholic-church-by-joseph-martos-garden-city-ny-doubleday-1981-xiii-531-pages-1595-the-sacraments-readings-in-contemporary-sacramental-theology-edited-by-michael-j-taylorsj-new-york-alba-house-1981-xiv-274-pages-795-paper/FF6DA58A4FC71FF6EB6D3D0E1E76DB8F  |x Verlag  |z lizenzpflichtig  |3 Volltext  |7 1 
951 |a AR 
ELC |a 1 
ITA |a 1  |t 1 
LOK |0 000 xxxxxcx a22 zn 4500 
LOK |0 001 4874549756 
LOK |0 003 DE-627 
LOK |0 004 1950974723 
LOK |0 005 20260203101440 
LOK |0 008 260203||||||||||||||||ger||||||| 
LOK |0 040   |a DE-Tue135  |c DE-627  |d DE-Tue135 
LOK |0 092   |o n 
LOK |0 852   |a DE-Tue135 
LOK |0 852 1  |9 00 
LOK |0 935   |a ixzs  |a ixzo  |a ixrk 
LOK |0 939   |a 03-02-26  |b l01 
ORI |a TA-MARC-ixtheoa001.raw